000 00398nam a22001577a 4500
003 SGT
020 _a9780867157130
082 _a617.525
_bA17M
100 _aMizukawa, Matthew
245 _aAnesthesia Considerations for the Oral and Maxillofacial Surgeon
250 _a1ST
260 _aNEW DELHI
_bQuintessence Publishing
_c2017
300 _a467
650 _aORAL SURGERY
942 _2ddc
_cBK
999 _c21030
_d21030